000 00864nam a22002417a 4500
999 _c3113
_d3113
005 20231016104640.0
008 231016b ||||| |||| 00| 0 eng d
020 _a9780760355343
040 _cKH8
082 _a963.16 HOP
100 _aHopping, Lorraine
_eAuthor
245 _aEgyptian mummy
_bunwrap an egyptian mummy layer by layer!
_cLorraine Jean Hopping
260 _aWA,
_bBecker & Mayer! kids, an imprint of The Quarto Group, Bellevue
_c 2017
300 _a16 pages :
_bcolor illustrations ;
_c29 cm.
440 _aInside out (Bellevue, Wash.)
500 _aBook with 3-D model of an Egyptian mummy On board pages with cut-outs
520 _aExplore the inside of an Egyptian mummy from outside to all the layers inside
521 _a Ages 8 and up.
650 _aAntiquities
650 _aBoard books
650 _aEgypt
942 _2ddc
_cFIC